Score 0/27 Timer 04:00
1 Play Today
Hint Answer % Correct
Quentin TarantinoPulp
98.7%
Robert BentonClyde
97.1%
Robert BentonKramer
95.4%
Pete DocterWALL
92.4%
Mike LeighGo
92%
Quentin TarantinoInglourious
91.8%
Quentin TarantinoUnchained
91.8%
Woody AllenHall
91.6%
Wes AndersonRoyal
86.3%
Leo McCarey*Way
85.6%
Wes AndersonBudapest
85.5%
Pete DocterToy
79.5%
Woody AllenParis
76%
Pete DocterOut
69.5%
Hint Answer % Correct
Ruth GordonRib
66.9%
Woody AllenBullets
63.7%
Paul MazurskyWoman
58.8%
Paul MazurskyBob
57.5%
Robert BentonHeart
56.2%
Wes AndersonMoonrise
41.9%
Paul MazurskyHarry
40%
Leo McCarey*Love
37.2%
Ruth GordonMike
36.1%
Mike LeighSecrets
30.6%
Mike LeighDrake
18.9%
Leo McCarey*Favorite
12.5%
Ruth GordonDouble
5.3%

Today's Daily Dose

Remove Ads.
Support Sporcle.
Get the best of Sporcle when you Go Orange. This ad-free experience offers more features, more stats, and more fun while also helping to support Sporcle. Thank you for becoming a member.

You're not logged in!

Compare scores with friends on all Sporcle quizzes.
OR
Log In

Show Comments

Extras

Top Quizzes Today


Score Distribution

Your Account Isn't Verified!

In order to create a playlist on Sporcle, you need to verify the email address you used during registration. Go to your Sporcle Settings to finish the process.

Report this User

Report this user for behavior that violates our Community Guidelines.

Details: